| 000 | 00510nam a2200205Ia 4500 | ||
|---|---|---|---|
| 003 | OSt | ||
| 005 | 20230113112345.0 | ||
| 008 | 210719s1800 xx 000 0 und d | ||
| 040 | _cAL | ||
| 041 | _aeng | ||
| 082 | _a826 | ||
| 100 |
_aMUNRO (Thomas) _969119 |
||
| 245 | _aMunro letters | ||
| 260 | _c1850 | ||
| 300 |
_a276 _bHB |
||
| 650 |
_aEnglish Letters _969120 |
||
| 650 |
_aEnglish Literature _969121 |
||
| 906 | _aDakshina Kannada ; letters ; Mangalore ; Munro ; South Kanara | ||
| 942 |
_2ddc _cBK |
||
| 999 |
_c214515 _d214515 |
||